00666nam a2200241 a 4500001001300000003000900013005001700022008004100039020001000080082001300090100002300103245002000126260004400146300000900190500003500199505001700234650001100251700002300262902000800285942000700293952010900300999001500409nice12345678IN_TiNIC20260116011853.0050524s0000 dela grp 000 0 urd  ac4.500a170bTHA aThanwi, Ashraf Ali aAdab-E-Zindagi. aDelhibWorld Islamic Publicationsc0000 a128p aincludes index and biblioraphy2 afour titles. aEthics1 aThanwi, Ashraf Ali bSRS cBK 001040708StackRoom-aHMIbHMId2007-03-15g4.50l0o170 THAp09573r2007-03-15v4.50w2005-05-24yBK c4597d4597